SOCIAL SCIENCE LEARNING IN SCHOOLS (Record no. 21854)

MARC details
000 -LEADER
fixed length control field 00300nam a22001337a 4500
003 - CONTROL NUMBER IDENTIFIER
control field SGT
020 ## - INTERNATIONAL STANDARD BOOK NUMBER
International Standard Book Number 978-81-321-0296-0
082 ## - DEWEY DECIMAL CLASSIFICATION NUMBER
Classification number 300.71
Item number BAT
100 ## - MAIN ENTRY--PERSONAL NAME
Personal name BATRA, POONAM
245 ## - TITLE STATEMENT
Title SOCIAL SCIENCE LEARNING IN SCHOOLS
260 ## - PUBLICATION, DISTRIBUTION, ETC. (IMPRINT)
Place of publication, distribution, etc INDIA
Name of publisher, distributor, etc SAGE PUB.
Year of Publication 2010
300 ## - PAGE DESCRIPTION
No. of Pages 310
942 ## - ADDED ENTRY ELEMENTS (KOHA)
Source of classification or shelving scheme Dewey Decimal Classification
Koha item type Books
Holdings
Withdrawn status Lost status Source of classification or shelving scheme Damaged status Not for loan Collection code Home library Current library Shelving location Date acquired Vendor Name Cost, normal purchase price SGTU Bill Number Total Checkouts Full call number Accession No. (Barcode) Date last seen Date last borrowed Bill Date Koha item type
    Dewey Decimal Classification     EDUCATION SGT Engineering Library SGT Engineering Library Text Book 13/09/2021 ABC 895.00 SGTU 1581 2 300.71 BAT ED4861 09/02/2026 22/01/2026 06/09/2021 Books
    Dewey Decimal Classification     EDUCATION SGT Engineering Library SGT Engineering Library Text Book 13/09/2021 ABC 895.00 SGTU 1581 1 300.71 BAT ED4862 05/05/2025 23/04/2025 06/09/2021 Books
    Dewey Decimal Classification     EDUCATION SGT Engineering Library SGT Engineering Library Text Book 13/09/2021 ABC 895.00 SGTU 1581 2 300.71 BAT ED4863 25/04/2025 23/04/2025 06/09/2021 Books